000 00982nam a2200229Ia 4500
003 OSt
005 20200929133814.0
008 191128s2002 ck gr 000 0 spa d
020 _a9583341517
040 _aCO-JMCR
_cCO-JMCR
041 0 _aspa
082 0 4 _a614.5993 /
_bV857v
_223
110 1 _a Programa conjunto de las Naciones Unidas sobre el VIH / SIDA
_910973
245 1 0 _aVive y deja vivir :
_bcampaña mundial contra el sida /
_cPrograma conjunto de las Naciones Unidas sobre el VIH / SIDA
260 _aBogotá :
_bFamisanar EPS,
_c2002.
300 _a93 páginas :
_c24 cm.
505 0 _a¿Qué es es Sida? -- la ruta de la infección en los adultos -- la ruta de la infección en los lactantes y niños -- ¿Cómo se trasmite el VIH? -- coito -- probabilidades de infección por VIH en la pareja -- el tipo de acto sexual
650 2 4 _aEnfermedades venéreas
_910974
650 2 4 _aSida
_910975
710 1 _aColsubsidio Famisanar EPS Cafam
_910976
942 _2ddc
_cBK
999 _c3659
_d3659